000 00718nam a2200241 i 4500
001 6903
003 ES-MaACL
005 20230906145122.0
007 t|
008 900712s1986 sp ||||1| spa d
020 _a84-345-8440-9
080 _a159.943
080 _a159.929
100 1 _aEibl-Eibesfeldt, Irenèaus.
_9126920
245 1 0 _aGuerra y paz
_b: una vision de la etologia /
_cIrenaus Eibl-Eibesfeldt.
260 _aBarcelona :
_bSalvat,
_c1986.
300 _a259 p. ;
_c19 cm.
490 1 _aBiblioteca científica Salvat ;
_v69
650 1 4 _aAgresividad.
_99668
830 0 _aBiblioteca científica Salvat ;
_v69
_9177703
852 _aES-MaACL
_jL-14154
_bR.117742
_z. - rust.
999 _c6903
_d6903